Symmetry in Nonlinear Mathematical Physics (Record no. 478457)
[ view plain ]
| 000 -LEADER | |
|---|---|
| fixed length control field | 00566nam a22001817a 4500 |
| 003 - CONTROL NUMBER IDENTIFIER | |
| control field | NUST |
| 005 - DATE AND TIME OF LATEST TRANSACTION | |
| control field | 20180531061927.0 |
| 008 - FIXED-LENGTH DATA ELEMENTS--GENERAL INFORMATION | |
| fixed length control field | 180531b ||||| |||| 00| 0 eng d |
| 020 ## - INTERNATIONAL STANDARD BOOK NUMBER | |
| International Standard Book Number | 9660232241 |
| 038 ## - RECORD CONTENT LICENSOR | |
| Staff Name | SNS Library |
| 082 ## - DEWEY DECIMAL CLASSIFICATION NUMBER | |
| Classification number | 515.35 |
| 100 ## - MAIN ENTRY--PERSONAL NAME | |
| Personal name | Edit: A.M. Samoilenko |
| 9 (RLIN) | 10666 |
| 245 ## - TITLE STATEMENT | |
| Title | Symmetry in Nonlinear Mathematical Physics |
| Remainder of title | Proceedings of the Fifth International Conference |
| Statement of responsibility, etc. | Edit: A.M. Samoilenko |
| 250 ## - EDITION STATEMENT | |
| Edition statement | Part 3 |
| 260 ## - PUBLICATION, DISTRIBUTION, ETC. | |
| Place of publication, distribution, etc. | Ukraine |
| Name of publisher, distributor, etc. | Institute of Mathematics of NAS Ukraine |
| Date of publication, distribution, etc. | 2004 |
| 300 ## - PHYSICAL DESCRIPTION | |
| Extent | 1527 p. |
| Other physical details | Pb. |
| 942 ## - ADDED ENTRY ELEMENTS (KOHA) | |
| Source of classification or shelving scheme | |
| Koha item type | Book |
| Withdrawn status | Lost status | Source of classification or shelving scheme | Damaged status | Not for loan | Permanent Location | Current Location | Date acquired | Total Checkouts | Full call number | Barcode | Date last seen | Price effective from | Koha item type |
|---|---|---|---|---|---|---|---|---|---|---|---|---|---|
| School of Natural Sciences (SNS) | School of Natural Sciences (SNS) | 05/31/2018 | 515.35 | SNS0002089 | 05/31/2018 | 05/31/2018 | Book |
